000 01625agaaa2200337 4500
001 0958
003 IT-RoPAU
005 20220918181250.0
007 d cvaizq
008 50131s9999||||xx ||| | || ||und||
040 _aIT-RoPAU
_cIT-RoPAU
041 _aITALIANO
100 _aKusturica Emir
_gCodice regista SPICS: 26358
_948775
130 _aPAPA' E' IN VIAGGIO D'AFFARI
_948776
240 _aOTAC NA SLUZBENOM PUTU
_gT0755
245 _aPAPA' E' IN VIAGGIO D'AFFARI
_cProdotto da: Traxler Manfredi -- Sceneggiatura: Sidran Abdulah -- Diretto da: Kusturica Emir
_pPAPA' E' IN VIAGGIO D'AFFARI (Rif. Codice opera principale : V0958)
246 _aOTAC NA SLUZBENOM PUTU
250 _aEdizione Standard
260 _aSARAYEVO (JUGOSLAVIA)
_bFORUM / Distribuzione: SPF FIRENZE
_g"1985 (1° ed.: 1993 ; Ed. Lingua Orig.: 1985)"
300 _a16MM
_bsonoro, col.
_c130 minuti
508 _a"Fotografia: Filac Vilko; Montaggio: Zafranovic Andrija; Musica: Simjanovic Zoran; Sceneggiatura: Sidran Abdulah; Scenografia: Lukovac Pedrag; "
511 _a"Manojlovic Miki; Karanovic Mirjana; De; Bartolli Moreno; Nadarevic Mustafa"
520 _aFILM A COLORI. PELLICOLA IN BUONO STATO. PER LA TRAMA VEDERE VIDEOCASSETTA: 9960/74487.
538 _aMONO
546 _aITALIANO
650 _aCOMMEDIA
_ePELLICOLE CINEMA [16 MM]
_xCodice MATERIA SPICS: 9955
_948777
700 _aKusturica Emir
_e(regista)
_gCodice regista SPICS: 26358
_948778
700 _aSidran Abdulah
_e(soggetto)
_gCodice Soggetto SPICS: 26360
_948779
700 _aSimjanovic Zoran
_e(musica)
_gCodice Musica SPICS: 26368
_948780
942 _cMM
_2ddc
999 _c106793
_d106793